Tilfeldige Land på Verdenskartet - Statistics

General Stats
  • This quiz has been taken 9 003 times
    7 937 since last reset
  • The average score is 12 of 20
Answers on the Map
Answers color-coded by a green-red scale on the quiz's map according to % correct below.
 
Answer Stats
Land % Correct
Spania
99%
USA
99%
Finland
97%
Tyrkia
97%
Canada
96%
Portugal
96%
Danmark
95%
Norge
95%
Russland
95%
Frankrike
94%
Storbritannia
93%
Sverige
93%
Brasil
92%
Mexico
92%
Chile
91%
Island
91%
Italia
91%
Tyskland
91%
Argentina
90%
Irland
90%
Marokko
90%
Belgia
89%
Hellas
89%
Kina
89%
Polen
89%
Sør-Afrika
89%
Australia
88%
India
88%
Japan
88%
Egypt
86%
Østerrike
86%
Ukraina
85%
Romania
84%
Madagaskar
83%
Somalia
83%
Tsjekkia
83%
Kroatia
82%
Bulgaria
80%
Litauen
80%
Nederland
80%
Saudi Arabia
80%
Cuba
79%
Kasakhstan
79%
Latvia
79%
Indonesia
78%
Mongolia
78%
Nord-Korea
77%
Sveits
77%
Estland
76%
Sør-Korea
76%
Irak
75%
Belarus
74%
Colombia
74%
Peru
74%
Bolivia
73%
Iran
73%
Malta
73%
New Zealand
72%
Slovakia
72%
Ungarn
71%
Algerie
70%
Paraguay
70%
Albania
69%
Libya
69%
Sri Lanka
69%
Moldova
68%
Sudan
67%
Oman
66%
Pakistan
66%
Uruguay
66%
Filippinene
65%
Tunisia
65%
Syria
64%
Bosnia-Hercegovina
63%
Nepal
63%
Panama
63%
Serbia
63%
Demokratiske Republikken Kongo
62%
San Marino
62%
Slovenia
62%
Vietnam
62%
Thailand
61%
Venezuela
61%
Afghanistan
60%
Israel
60%
Kypros
60%
Andorra
59%
Jemen
59%
Laos
59%
Monaco
59%
Nigeria
59%
Tsjad
59%
Kosovo
58%
Niger
58%
Jordan
57%
Montenegro
57%
Taiwan
57%
Vatikanstaten
57%
Etiopia
56%
Malaysia
56%
Sør-Sudan
56%
Togo
56%
Ecuador
55%
Kapp Verde
55%
Lesotho
55%
Papua Ny-Guinea
55%
Usbekistan
55%
Bangladesh
54%
Georgia
54%
Nord-Makedonia
54%
Mali
53%
Mauritania
53%
Tanzania
53%
Zambia
53%
Armenia
52%
Luxembourg
52%
Costa Rica
51%
De Forente Arabiske Emirater
51%
Kenya
51%
Republikken Kongo
51%
Surinam
51%
Bahamas
49%
Botswana
49%
Guyana
49%
Liechtenstein
49%
Myanmar
49%
Honduras
48%
Kirgisistan
48%
Senegal
48%
Aserbajdsjan
47%
Guatemala
47%
Angola
46%
Qatar
46%
Bahrain
45%
Ghana
45%
Nicaragua
45%
Eritrea
44%
Mosambik
44%
Namibia
44%
Belize
43%
Bhutan
43%
Kambodsja
43%
Kamerun
43%
Libanon
43%
Maldivene
43%
Turkmenistan
43%
Uganda
43%
Kuwait
42%
Øst-Timor
42%
Sentralafrikanske Republikk
42%
Haiti
41%
Seychellene
41%
Benin
40%
Elfenbenskysten
40%
Jamaica
40%
Mauritius
40%
São Tomé og Príncipe
40%
Singapore
40%
Zimbabwe
40%
Eswatini
38%
Fiji
38%
El Salvador
37%
Gabon
37%
Gambia
37%
Mikronesiaføderasjonen
37%
Rwanda
37%
Sierra Leone
37%
Djibouti
36%
Saint Lucia
36%
Burkina Faso
34%
Burundi
34%
Dominikanske Republikk
33%
Ekvatorial-Guinea
33%
Liberia
33%
Samoa
32%
Malawi
31%
Guinea
30%
Salomonøyene
30%
Trinidad og Tobago
30%
Kiribati
29%
Komorene
29%
Guinea-Bissau
28%
Tonga
27%
Brunei
26%
Palau
26%
Marshalløyene
25%
Tuvalu
25%
Antigua og Barbuda
23%
Barbados
23%
Tadsjikistan
23%
Vanuatu
23%
Grenada
22%
Nauru
22%
Dominica
19%
Saint Kitts og Nevis
12%
Saint Vincent og Grenadinene
3%
No matching quizzes found
Score Distribution
Percent of People with Each Score
Percentile by Number Answered
Your Score History
You have not taken this quiz since the last reset